000 00347pab a2200157 454500
008 180718b2009 xxu||||| |||| 00| 0 eng d
100 _aVanitha, B.
245 _aStreet children of Coimbatore
260 _c2009
300 _ap.24-28.
362 _aMay
650 _aStreet children
773 _aSocial Work
908 _aN
909 _a82216
999 _c82216
_d82216